| 000 | 00752nam a2200253 i 4500 | ||
|---|---|---|---|
| 001 | 17915 | ||
| 003 | ES-MaACL | ||
| 005 | 20230906151720.0 | ||
| 007 | t| | ||
| 008 | 010620s2000 sp ||||1| spa d | ||
| 020 | _a84-95363-05-4 | ||
| 080 | _a946.9"19" | ||
| 080 | _a008(469)"19" | ||
| 245 | 0 | 0 |
_aPortugal contemporáneo / _cAntónio Costa Pinto, coordinador. |
| 260 |
_aMadrid : _bSequitur, _c2000. |
||
| 300 |
_aXIII, 303 p. ; _c21 cm. |
||
| 490 | 1 |
_aLibro del proceder ; _v10 |
|
| 651 | 4 |
_aPortugal- _xHistoria- _yS.XX. _99264 |
|
| 651 |
_aPortugal- _xCivilización. _99249 |
||
| 700 | 1 |
_aCosta Pinto, António. _941111 |
|
| 830 | 0 |
_aLibro del proceder ; _v10 _9228754 |
|
| 852 |
_aES-MaACL _jL-24688 _bR.129970 |
||
| 999 |
_c17915 _d17915 |
||